000
00347 a2200169 4500
001
61657
020
_a
9788508128686
040
_c
Anchieta - Pituba
100
_a
Alencar, José de
240
1
0
_a
O guarani
_l
por
245
1
0
_a
O guarani
300
_a
343
362
0
_a
2010
440
1
_a
Ática
650
4
_a
Ficção brasileira
942
_c
BK
999
_c
61657
_d
61657